00541nam a22002057a 450000500170000001000130001702000220003003500130005203700160006504000120008108200150009310000250010824500470013326000380018027000500021830000250026850000200029365000100031365000120032320170124110028.0 aB-122132 c00.00a8188237442 aB-122132 bCen Lib/Ret aDPLbEN a589.3bSAM aSambamurty, A.V.S.S. aTexbook of algae /cby A.V.S.S. Sambamurty aNew DelhibI.K. internationc2005 bNew DelhiaS-25, Green park extentione110016 axii,322p.c23cm(pbk) aIncludes index  aAlgae aEcology